Código Civil : y normas complementarias. Análisis doctrinario y jurisprudencial. Tomo 4 E /

Guardado en:
Otros Autores: Highton, Elena I., (coord.)
Formato: Libro
Idioma:Spanish
Publicado: Buenos Aires : Hammurabi, 2003
Edición:1a. ed.
Materias:
Etiquetas: Agregar Etiqueta
Sin Etiquetas, Sea el primero en etiquetar este registro!
LEADER 00681nam a22001815a 4500
001 DER.der001412
008 180615s2003####|||||||||||||||||#||spa||
005 20251127172851.0
245 1 0 |a Código Civil :  |b y normas complementarias. Análisis doctrinario y jurisprudencial.  |n Tomo 4 E /  |c dirigido por Alberto J. Bueres, y Elena I. Highton. 
250 |a 1a. ed. 
260 |a Buenos Aires :  |b Hammurabi,  |c 2003 
300 |a 734 p. 
500 |a Artículos 2182/2310. Contratos. Negocios Comerciales /. 
020 |a 9508910113 
700 1 |a Bueres, Alberto J.,  |e dir. 
700 1 |a Highton, Elena I.,  |e coord. 
650 7 |a DERECHO CIVIL 
859 |a DERECHO  |b BIB. DERECHO  |h 348.023  |i ARG  |p 003487  |3 Tomo 4 E